000 00702nam a2200217 a 4500
999 _c8074
_d8074
001 8074
003 BD-JhCC
005 20180218114134.0
008 180214s1985 bg a|||| || | 000 0 ben d
035 _a(BD-JhCC)8074
040 _aBD-JhCC
_dBD-JhCC
041 _aben
082 _a636.089
_bRAH 1985
100 _aরহমান, আব্দুর
245 _aগৃহপালিত পশুর সংক্রামক রোগতত্ত্ব /
_cআব্দুর রহমান
260 _aঢাকা :
_bবাংলা একাডেমী,
_c1985
300 _a337 p. :
_c22 cm.
650 _aInfections Diseases of animals
942 _2ddc
_cBK